000
00270nam a2200121 a 4500
008
100719s2008|||| d
245
1
0
_a
Záhada Vivaldi
100
1
_a
Harris, Peter
260
_b
Ikar
_a
Bratislava
_c
2008
041
_a
slo
020
_c
299
044
_a
xo
_c
SK
999
_c
8067
_d
8067